CaGeWeB
  • bibliotheken
  • achtergrond
  • partners
  • historiek
naar

MARC Record

Leader
003 BE-GnUNI
007 't'u
035
  
  
a| (MSK)310021279
084
  
  
a| veilingcatalogus
245
0
0
a| Grande vente du 16 décembre 1941 (catalogue de vente Bruxelles, Renaissance Galerie des Beaux-Arts, 16 décembre 1941).
260
  
  
a| Bruxelles : b| Galerie des Beaux-Arts (Bordeaux), c| 1941.
300
  
  
a| 78p. : b| ill.
500
  
  
a| Ex.No.3: Legaat Mevrouw Servranckx-Turcksin
546
  
  
a| Frans
500
  
  
a| Veilingcatalogus
852
4
  
b| MSK c| MSK j| VEILINGCATALOGUS
920
  
  
a| boek
001 000020871
005 20241224121629.0
  • CaGeWeB vzw

    p/a Bagattenstraat 174, 9000 Gent

    voorzitter: Hendrik Defoort
    bestuurders: Frea Vancraeynest, Brigitte De Meyer, Ellen Ryckx, Kim Robensyn